header

Cases, simulations and experiential approaches (Record no. 74666)

MARC details
000 -LEADER
fixed length control field 01248nam a2200313 a 4500
245 00 - TITLE STATEMENT
Title Cases, simulations and experiential approaches
260 ## - PUBLICATION, DISTRIBUTION, ETC. (IMPRINT)
Place of publication Sheffield :
Name of publisher Greenleaf Pub.,
Year of publication 2007.
300 ## - PHYSICAL DESCRIPTION
Number of Pages 208 p. :
Other physical details ill.
490 0# - SERIES STATEMENT
Series statement Teaching business sustainability ;
650 #0 - SUBJECT ADDED ENTRY--TOPICAL TERM
Topical Term Business education.
Topical Term Sustainable development
Topical Term Business ethics
700 1# - ADDED ENTRY--PERSONAL NAME
Personal name Galea, Chris.
856 40 - ELECTRONIC LOCATION AND ACCESS
Uniform Resource Identifier http://site.ebrary.com/lib/rucke/Doc?id=10650074

No items available.

© 2026 Rongo University
Contact us: librarian | system librarian | Rongo university